| 000 | 00508cam a2200193ua 4500 | ||
|---|---|---|---|
| 020 |
_a81-204-0814-4 _c340.00 |
||
| 041 |
_aeng _h |
||
| 082 |
_a633.72 _bMUL/TE |
||
| 100 | _aMulky, M J . | ||
| 245 | 0 | 0 |
_aTea culture processing and marketing / _cM J Mulky. _hTextual Documents |
| 250 |
_a1 / _b. |
||
| 260 |
_aNew Delhi : _bOxford & IBH Publishing company , _c1993. |
||
| 300 | _a199 ; . | ||
| 365 | _a340.00 | ||
| 504 | _a | ||
| 700 | 1 | _aSharma, V S . | |
| 942 | _cBK | ||
| 999 |
_c10008 _d10008 |
||